000 00223nam a22000857a 4500
008 170208b xxu||||| |||| 00| 0 eng d
100 _92813
_aSearle.B.
245 _aSound (Fascinating Science Projects)
260 _aNew Delhi
_c2013
999 _c6028
_d6028